1824 1372 1462 1345 1382 1584 1249 1381 1992 1606 1429 1470 1440 1067 1878 1216 1830 1794 1907 1365 1168 1957 1645 1884 1594 1222 1481 1975 1497 1307 1200 1075 1111 1322 1007 1307 1636 1594 1601 1918 1967 1218 1831 1368 1235 1702 1199 1467 1647 1328 1476 1831 1899 1394 1902 1695 1451 1315 1107 1610 1360 1778 1089 1870 1033 1389 1833 1622 1644 1231 1327 1414 1840 1060 1413 1289 1983 1332 1312 1807 1398 1856 1416 1963 1494 1606 1119 1600 1749 1906 1330 1935 1263 1383 1468 1921 1386 1097 1255 BCNSPRNW ULIB Ver.6.0+V

เปลี่ยนเป็นภาษาไทย

Change to English
 แสดงรายละเอียดบรรณานุกรม
  กลับหน้าหลัก

Brief Record : Get Marc (ISO 2709) : E-mail record : QR code < ปิดหน้าต่าง
LEADER : 00000nam 2200000uu 4500
001    13399125073
003     ULIB
008    160610s2558||||th 000 0 tha d
020    ^a9786169197614
060 04 ^aWS115^bร861ภ
100 0  ^aเรืองวิทย์ ตันติแพทยางกูร, บรรณาธิการ
245 10 ^aโภชนาการเด็กร่วมสมัย 2015 /^cเรืองวิทย์ ตันติแพทยางกูร, บรรณาธิการ
250    ^aพิมพ์ครั้งที่ 1
260    ^aกรุงเทพฯ :^bชมรมโภชนาการเด็กแห่งประเทศไทย,^c2558
300    ^a187 หน้า :^bภาพประกอบ ; ตาราง ;^c20.5 ซม.
505 0  ^a1. Optional ingredients in modern infant formulas
505 0  ^a2. Fine-tuning nutrition for NICU veterans
505 0  ^a3. โภชนาการในภาวะรั่วของน้ำเหลืองไขมันปน
505 0  ^a4. Nutrition for children with type 1 diabetes
505 0  ^a5. โภชนบำบัดสำหรับผู้ป่วยเด็กที่เป็นเบาหวานชนิดที่ 1
505 0  ^a6. อาหารกระตุ้นน้ำนม
505 0  ^a7. มุมมองด้านโภชนาการในเด็กติดเชื้อเอชไอวี
505 0  ^a8. การประเมินภาวะโภชนาการในผู้ป่วยใน
505 0  ^a9. การคัดกรองทางโภชนาการสำหรับผู้ป่วยเด็กในโรงพยาบาล
505 0  ^a10. Parenteral nutrition-associated liver disease
505 0  ^a11. ผลิตภัณฑ์เสริมอาหารที่ใช้ลดความอ้วน
650  7 ^aโภชนาการเด็ก
650  7 ^aกุมารเวชศาสตร์
700 0  ^aนฤมล เด่นทรัพย์สุนทร, บรรณาธิการ
700 0  ^aศิรินุช ชมโท, บรรณาธิการ
945    ^p200^l0^i001266
945    ^p200^l0^i001267
945    ^p200^l0^i001268
999    ^aเกษร โพธิ์สุวรรณ
รายการนี้ยังไม่มีแท็ก
คุณยังไม่ได้ล็อกอิน คุณสามารถมีกิจกรรมร่วมกับเว็บไซต์ได้ แต่ต้องล็อกอินก่อน ::
  ล็อกอิน

รายการสื่อสารสนเทศ

ลำดับที่ ประเภท เลขเรียก/บาร์โค้ด สถานที่ สถานะ
1. วิทยาศาสตร์การแพทย์ และสุขภาพ
หนังสือสำรอง
สถานะ=หนังสือสำรอง
WS115 ร861ภ ฉ.1 
  Barcode: 001266
ห้องสมุดวิทยาเขตสวรรค์ประชารักษ์
►หนังสือทั่วไป
บนชั้น
2. วิทยาศาสตร์การแพทย์ และสุขภาพ
วิทยาศาสตร์การแพทย์ และสุขภาพ
สถานะ=หนังสือเก่า
WS115 ร861ภ ฉ.2 
  Barcode: 001267
ห้องสมุดวิทยาเขตสวรรค์ประชารักษ์
►ส่วนจัดเก็บหนังสือเก่า สปร
บนชั้น
  ขอยืม
3. วิทยาศาสตร์การแพทย์ และสุขภาพ
วิทยาศาสตร์การแพทย์ และสุขภาพ
สถานะ=หนังสือเก่า
WS115 ร861ภ ฉ.3 
  Barcode: 001268
ห้องสมุดวิทยาเขตสวรรค์ประชารักษ์
►ส่วนจัดเก็บหนังสือเก่า สปร
บนชั้น
  ขอยืม

รายการใกล้เคียง
    ผู้แต่ง [เรืองวิทย์ ตันติแพทยางกูร, บรรณาธิการ]

    หัวเรื่อง [โภชนาการเด็ก]
    หัวเรื่อง [กุมารเวชศาสตร์]

BibComment


ยังไม่เคยถูกคอมเมนท์

คอมเมนท์ทรัพยากรรายการนี้
  คอมเมนท์: โภชนาการเด็กร่วม..


 Copyright 2026. Bcnsprnw @Library